Οριστικά Άρθρα - Αρχαία Ελληνικά - Statistics

General Stats
  • This quiz has been taken 22 times
  • The average score is 29 of 30
Answer Stats
Άρθρο % Correct
100%
τοῦ
100%
τῷ
100%
τὸν
100%
100%
100%
τῆς
100%
τὴν
100%
100%
τὸ
100%
τοῦ
100%
τὸ
100%
100%
οἱ
100%
τῶν
100%
αἱ
100%
τῶν
100%
τὰ
100%
τῶν
100%
τῇ
94%
τῷ
94%
τοὺς
94%
τοῖς
88%
88%
88%
τὰ
88%
88%
ταῖς
81%
τὰς
81%
τοῖς
81%
No matching quizzes found
Score Distribution
Percent of People with Each Score
Percentile by Number Answered
Your Score History
You have not taken this quiz